Normal view MARC view
  • Goldstein, Richard Frank

Entry Personal Name

Number of records used in: 1

001 - CONTROL NUMBER

  • control field: 152773

003 - CONTROL NUMBER IDENTIFIER

  • control field: DLC

005 - DATE AND TIME OF LATEST TRANSACTION

  • control field: 20260302130023.0

008 - FIXED-LENGTH DATA ELEMENTS

  • fixed length control field: 100726n| acannaabn a aaa c

010 ## - LIBRARY OF CONGRESS CONTROL NUMBER

  • LC control number: no2010120174

035 ## - SYSTEM CONTROL NUMBER

  • System control number: (OCoLC)oca08570874

040 ## - CATALOGING SOURCE

  • Original cataloging agency: PaPhCHF
  • Language of cataloging: eng
  • Transcribing agency: PaPhCHF
  • Modifying agency: NcD

100 1# - HEADING--PERSONAL NAME

  • Personal name: Goldstein, Richard Frank

378 ## - FULLER FORM OF PERSONAL NAME

  • Fuller form of personal name: Richard Frank

400 1# - SEE FROM TRACING--PERSONAL NAME

  • Personal name: Goldstein, R. F.
  • Fuller form of name: (Richard Frank)

670 ## - SOURCE DATA FOUND

  • Source citation: The petroleum chemicals industry, 1958:
  • Information found: t.p. (Richard Frank Goldstein)

670 ## - SOURCE DATA FOUND

  • Source citation: Manufacture of polyethylene oxide wax, ca. 1947:
  • Information found: title page (R.F. Goldstein)
Devinim Yazılım Eğitim Danışmanlık tarafından Koha'nın orjinal sürümü uyarlanarak geliştirilip kurulmuştur.